书目信息 |
| 题名: |
数学复习全书(理工类)
|
|
| 作者: | 李正元 著 | |
| 分册: | ||
| 出版信息: | 北京 中国人民大学出版社 2003 |
|
| 页数: | 564页 | |
| 开本: | 26cm | |
| 丛书名: | ||
| 单 册: | ||
| 中图分类: | S13 | |
| 科图分类: | ||
| 主题词: | 农业化学 | |
| 电子资源: | ||
| ISBN: | 7-80140-053-4 | |
| 000 | 00529nam0 2200181 450 | |
| 001 | 0732828906 | |
| 005 | 20070903090708.90 | |
| 010 | @a7-80140-053-4@d¥48.00 | |
| 100 | @a20070903d km y0chiy0120 ea | |
| 101 | 0 | @achi |
| 200 | 1 | @a数学复习全书(理工类)@Ashu xue fu xi quan shu(li gong lei)@f李正元著@Fli zheng yuan zhu |
| 210 | @a北京@c中国人民大学出版社@d2003 | |
| 215 | @a564页@d26cm | |
| 606 | 0 | @a农业化学 |
| 690 | @aS13@v3 | |
| 701 | 0 | @a李正元@Ali zheng yuan@4著 |
| 801 | 0 | @aCN@bPFT@c20070903 |
| 905 | @a213230@dS13@eS83@f1 | |
| 数学复习全书(理工类)/李正元著.-北京:中国人民大学出版社,2003 |
| 564页;26cm |
| ISBN 7-80140-053-4:¥48.00 |
| ● |
| 相关链接 |
|
|
|
|
正题名:数学复习全书(理工类)
索取号:S13/S83
 
预约/预借
| 序号 | 登录号 | 条形码 | 馆藏地/架位号 | 状态 | 备注 |
| 1 | 6701160 | 267011609 | 密集书库-数信学院/ [索取号:S13/S83] | 在馆 |